A természeti turizmus keresletének vizsgálata Pest megyében

Bibliographic Details
Main Author: Koblencz Anna Virág
Other Authors: Petykó Dr. Csilla
Format: Thesis
Kulcsszavak:természeti vonzerők
Épített örökségek
turisztikai kereslet
természeti turizmus
Pest megye
Online Access:http://dolgozattar.uni-bge.hu/23164

MARC

LEADER 00000nta a2200000 i 4500
001 dolg23164
005 20200226103605.0
008 191122suuuu hu om 000 hun d
040 |a BGE Dolgozattár Repozitórium  |b hun 
041 |a hu 
100 1 |a Koblencz Anna Virág 
245 1 2 |a A természeti turizmus keresletének vizsgálata Pest megyében  |c Koblencz Anna Virág  |h [elektronikus dokumentum] 
695 |a természeti vonzerők 
695 |a Épített örökségek 
695 |a turisztikai kereslet 
695 |a természeti turizmus 
695 |a Pest megye 
700 1 |a Petykó Dr. Csilla  |e ths 
856 4 0 |u http://dolgozattar.uni-bge.hu/23164/1/Koblencz%20Anna%20Vir%C3%A1g%20ORLJ8L%20Szakdolgozat.pdf  |z Dokumentum-elérés